Handbook of alternative fuel technologies / (Record no. 599186)

000 -LEADER
fixed length control field 00353nam a2200109Ia 4500
008 - FIXED-LENGTH DATA ELEMENTS--GENERAL INFORMATION
fixed length control field 230907s9999||||xx |||||||||||||| ||und||
082 ## - DEWEY DECIMAL CLASSIFICATION NUMBER
Classification number 662.60286
Author Mark HAN
245 #0 - TITLE STATEMENT
Title Handbook of alternative fuel technologies /
300 ## - PHYSICAL DESCRIPTION
Extent xvii, 684 pages :
650 ## - SUBJECT ADDED ENTRY--TOPICAL TERM
Topical term or geographic name entry element Handbooks, manuals, etc. Handbooks, manuals, etc. Handbooks, manuals, etc.
9 (RLIN) 115443
942 ## - ADDED ENTRY ELEMENTS (KOHA)
Koha item type Book
Holdings
Withdrawn status Lost status Damaged status Not for loan Permanent Location Current Location Date acquired Total Checkouts Full call number Barcode Date last seen Price effective from Koha item type
        US-Pakistan Center for Advanced Studies in Energy (USPCAS-E) US-Pakistan Center for Advanced Studies in Energy (USPCAS-E) 08/20/2019   662.60286 HAN CAS-E0003285 09/12/2023 09/12/2023 Book
© 2023 Central Library, National University of Sciences and Technology. All Rights Reserved.